Le temps du changement : Une image de la societe une option politique pour l'an 2000

محفوظ في:
التفاصيل البيبلوغرافية
المؤلف الرئيسي: Janne, Henri
التنسيق: كتاب
اللغة:Undetermined
منشور في: Paris Marabout Universite 1971
الموضوعات:
الوسوم: إضافة وسم
لا توجد وسوم, كن أول من يضع وسما على هذه التسجيلة!
Thư viện lưu trữ: Trung tâm Học liệu Trường Đại học Cần Thơ
LEADER 00532nam a2200193Ia 4500
001 CTU_89686
008 210402s9999 xx 000 0 und d
082 |a 320.531 
082 |b J34 
100 |a Janne, Henri 
245 0 |a Le temps du changement : 
245 0 |b Une image de la societe une option politique pour l'an 2000 
245 0 |c Henri Janne 
260 |a Paris 
260 |b Marabout Universite 
260 |c 1971 
650 |a Socialism 
904 |i Nguyên 
980 |a Trung tâm Học liệu Trường Đại học Cần Thơ